[Event "European Women's Chess Club Cup 2023"]
[Site "Durres, Albania"]
[Date "2023.10.07"]
[Round "7.11"]
[White "Mkrtchian, Lilit"]
[Black "Daulyte-Cornette, Deimante"]
[Result "0-1"]
[TimeControl "90' + 30' & 30\""]
[WhiteElo "2389"]
[BlackElo "2360"]

1. Nf3 {[%clk 01:30:49]} {[%emt 00:00:10]} Nf6 {[%clk 01:30:45]} {[%emt
00:00:17]} 2. g3 {[%clk 01:30:36]} {[%emt 00:00:43]} c5 {[%clk 01:30:50]}
{[%emt 00:00:25]} 3. c4 {[%clk 01:26:24]} {[%emt 00:04:41]} Nc6 {[%clk
01:26:27]} {[%emt 00:04:54]} 4. Bg2 {[%clk 01:26:34]} {[%emt 00:00:20]} d5
{[%clk 01:25:52]} {[%emt 00:01:04]} 5. cxd5 {[%clk 01:26:32]} {[%emt 00:00:32]}
Nxd5 {[%clk 01:26:14]} {[%emt 00:00:09]} 6. O-O {[%clk 01:23:56]} {[%emt
00:03:06]} e5 {[%clk 01:25:54]} {[%emt 00:00:49]} 7. Nc3 {[%clk 01:23:12]}
{[%emt 00:01:14]} Be6 {[%clk 01:25:17]} {[%emt 00:01:07]} 8. d3 {[%clk
01:15:06]} {[%emt 00:08:36]} Be7 {[%clk 01:23:26]} {[%emt 00:02:21]} 9. Bd2
{[%clk 01:14:10]} {[%emt 00:01:26]} O-O {[%clk 01:22:10]} {[%emt 00:01:46]} 10.
Nxd5 {[%clk 01:13:38]} {[%emt 00:01:03]} Bxd5 {[%clk 01:22:27]} {[%emt
00:00:13]} 11. Bc3 {[%clk 01:13:47]} {[%emt 00:00:21]} Qc7 {[%clk 01:20:21]}
{[%emt 00:02:35]} 12. a4 {[%clk 01:08:19]} {[%emt 00:05:58]} b6 {[%clk
01:07:38]} {[%emt 00:13:14]} 13. Nd2 {[%clk 01:07:24]} {[%emt 00:01:24]} Bxg2
{[%clk 01:06:55]} {[%emt 00:01:13]} 14. Kxg2 {[%clk 01:07:49]} {[%emt
00:00:05]} Rad8 {[%clk 01:05:03]} {[%emt 00:02:22]} 15. f3 {[%clk 01:00:59]}
{[%emt 00:07:20]} a6 {[%clk 00:50:24]} {[%emt 00:15:10]} 16. Qb3 {[%clk
00:52:04]} {[%emt 00:09:24]} Rb8 {[%clk 00:45:09]} {[%emt 00:05:45]} 17. Nc4
{[%clk 00:42:31]} {[%emt 00:10:03]} b5 {[%clk 00:30:04]} {[%emt 00:15:36]} 18.
axb5 {[%clk 00:41:59]} {[%emt 00:01:02]} axb5 {[%clk 00:30:30]} {[%emt
00:00:04]} 19. Ne3 {[%clk 00:40:47]} {[%emt 00:01:41]} Nd4 {[%clk 00:30:41]}
{[%emt 00:00:19]} 20. Bxd4 {[%clk 00:33:05]} {[%emt 00:08:13]} exd4 {[%clk
00:31:03]} {[%emt 00:00:08]} 21. Nd5 {[%clk 00:33:21]} {[%emt 00:00:13]} Qd7
{[%clk 00:29:12]} {[%emt 00:02:21]} 22. Rfe1 {[%clk 00:20:37]} {[%emt
00:13:14]} Rfd8 {[%clk 00:25:36]} {[%emt 00:04:07]} 23. Nxe7+ {[%clk 00:16:53]}
{[%emt 00:04:14]} Qxe7 {[%clk 00:26:01]} {[%emt 00:00:05]} 24. Ra5 {[%clk
00:17:10]} {[%emt 00:00:12]} c4 {[%clk 00:23:37]} {[%emt 00:02:55]} 25. Qc2
{[%clk 00:05:44]} {[%emt 00:11:56]} c3 {[%clk 00:21:11]} {[%emt 00:02:56]} 26.
bxc3 {[%clk 00:05:17]} {[%emt 00:00:57]} Qc7 {[%clk 00:21:29]} {[%emt
00:00:12]} 27. Rea1 {[%clk 00:03:59]} {[%emt 00:01:48]} dxc3 {[%clk 00:21:43]}
{[%emt 00:00:15]} 28. Ra7 {[%clk 00:04:03]} {[%emt 00:00:26]} Qe5 {[%clk
00:20:44]} {[%emt 00:01:29]} 29. R1a5 {[%clk 00:01:39]} {[%emt 00:02:55]} h5
{[%clk 00:19:53]} {[%emt 00:01:21]} 30. Qa2 {[%clk 00:01:30]} {[%emt 00:00:39]}
Qe8 {[%clk 00:19:42]} {[%emt 00:00:40]} 31. Rc7 {[%clk 00:00:59]} {[%emt
00:01:01]} b4 {[%clk 00:19:20]} {[%emt 00:00:53]} 32. Rf5 {[%clk 00:00:50]}
{[%emt 00:00:39]} Rd7 {[%clk 00:15:27]} {[%emt 00:04:23]} 33. Rxd7 {[%clk
00:00:38]} {[%emt 00:00:42]} Qxd7 {[%clk 00:15:51]} {[%emt 00:00:05]} 34. Rd5
{[%clk 00:01:05]} {[%emt 00:00:04]} Qc6 {[%clk 00:13:55]} {[%emt 00:02:25]} 35.
Rf5 {[%clk 00:00:37]} {[%emt 00:00:58]} b3 {[%clk 00:13:33]} {[%emt 00:00:52]}
36. Qa7 {[%clk 00:01:02]} {[%emt 00:00:05]} Qb7 {[%clk 00:12:25]} {[%emt
00:01:38]} 0-1

[Event "European Women's Chess Club Cup 2023"]
[Site "Durres, Albania"]
[Date "2023.10.07"]
[Round "7.12"]
[White "Zhukova, Natalia"]
[Black "Velikic, Adela"]
[Result "0-1"]
[TimeControl "90' + 30' & 30\""]
[WhiteElo "2303"]
[BlackElo "2274"]

1. c4 {[%clk 01:30:57]} {[%emt 00:00:02]} e6 {[%clk 01:30:54]} {[%emt
00:00:07]} 2. Nf3 {[%clk 01:31:13]} {[%emt 00:00:13]} d5 {[%clk 01:31:16]}
{[%emt 00:00:08]} 3. g3 {[%clk 01:31:27]} {[%emt 00:00:17]} d4 {[%clk
01:31:33]} {[%emt 00:00:13]} 4. Bg2 {[%clk 01:31:42]} {[%emt 00:00:15]} c5
{[%clk 01:31:33]} {[%emt 00:00:30]} 5. O-O {[%clk 01:30:31]} {[%emt 00:01:41]}
Nc6 {[%clk 01:31:46]} {[%emt 00:00:17]} 6. e3 {[%clk 01:29:57]} {[%emt
00:01:13]} Nf6 {[%clk 01:31:59]} {[%emt 00:00:08]} 7. exd4 {[%clk 01:29:29]}
{[%emt 00:00:58]} cxd4 {[%clk 01:32:22]} {[%emt 00:00:07]} 8. d3 {[%clk
01:29:24]} {[%emt 00:00:35]} h6 {[%clk 01:32:37]} {[%emt 00:00:14]} 9. Na3
{[%clk 01:28:05]} {[%emt 00:01:49]} Bc5 {[%clk 01:04:04]} {[%emt 00:29:04]} 10.
Nc2 {[%clk 01:27:04]} {[%emt 00:01:31]} O-O {[%clk 01:03:24]} {[%emt 00:01:10]}
11. Re1 {[%clk 01:25:58]} {[%emt 00:01:36]} a5 {[%clk 00:45:38]} {[%emt
00:18:15]} 12. h3 {[%clk 01:17:43]} {[%emt 00:08:46]} Re8 {[%clk 00:39:33]}
{[%emt 00:06:35]} 13. Bf4 {[%clk 01:17:36]} {[%emt 00:00:37]} Nd7 {[%clk
00:27:59]} {[%emt 00:12:05]} 14. g4 {[%clk 01:17:21]} {[%emt 00:00:44]} e5
{[%clk 00:26:07]} {[%emt 00:02:22]} 15. Bg3 {[%clk 01:17:44]} {[%emt 00:00:07]}
Bd6 {[%clk 00:19:32]} {[%emt 00:07:05]} 16. Re2 {[%clk 01:01:41]} {[%emt
00:16:33]} Nf6 {[%clk 00:18:31]} {[%emt 00:01:31]} 17. Nd2 {[%clk 00:55:35]}
{[%emt 00:06:36]} Bd7 {[%clk 00:15:29]} {[%emt 00:03:32]} 18. Qf1 {[%clk
00:44:38]} {[%emt 00:11:26]} Qb8 {[%clk 00:06:47]} {[%emt 00:09:12]} 19. Rae1
{[%clk 00:40:23]} {[%emt 00:04:45]} Nb4 {[%clk 00:02:03]} {[%emt 00:05:14]} 20.
Nxb4 {[%clk 00:40:42]} {[%emt 00:00:11]} axb4 {[%clk 00:02:22]} {[%emt
00:00:11]} 21. c5 {[%clk 00:23:37]} {[%emt 00:17:36]} Bc7 {[%clk 00:02:48]}
{[%emt 00:00:04]} 22. Nc4 {[%clk 00:17:17]} {[%emt 00:06:49]} e4 {[%clk
00:02:24]} {[%emt 00:00:54]} 23. Nd6 {[%clk 00:14:57]} {[%emt 00:02:50]} Bxd6
{[%clk 00:00:34]} {[%emt 00:02:20]} 24. Bxd6 {[%clk 00:15:18]} {[%emt
00:00:10]} Qc8 {[%clk 00:00:46]} {[%emt 00:00:18]} 25. Bxe4 {[%clk 00:07:34]}
{[%emt 00:08:14]} Nxe4 {[%clk 00:01:10]} {[%emt 00:00:06]} 26. Rxe4 {[%clk
00:07:59]} {[%emt 00:00:05]} Rxa2 {[%clk 00:00:58]} {[%emt 00:00:42]} 27. Rxd4
{[%clk 00:06:56]} {[%emt 00:01:33]} Bc6 {[%clk 00:00:35]} {[%emt 00:00:52]} 28.
Rxb4 {[%clk 00:04:49]} {[%emt 00:02:37]} Qa8 {[%clk 00:00:34]} {[%emt
00:00:30]} 29. Rxe8+ {[%clk 00:00:52]} {[%emt 00:04:28]} Qxe8 {[%clk 00:00:45]}
{[%emt 00:00:20]} 30. Qc1 {[%clk 00:00:36]} {[%emt 00:00:45]} Qe2 {[%clk
00:00:45]} {[%emt 00:00:30]} 31. Qe3 {[%clk 00:00:40]} {[%emt 00:00:26]} Ra1+
{[%clk 00:00:33]} {[%emt 00:00:42]} 32. Kh2 {[%clk 00:01:07]} {[%emt 00:00:03]}
Rh1+ {[%clk 00:00:36]} {[%emt 00:00:26]} 33. Kg3 {[%clk 00:01:36]} {[%emt
00:00:02]} Rg1+ {[%clk 00:00:33]} {[%emt 00:00:34]} 34. Kf4 {[%clk 00:01:24]}
{[%emt 00:00:41]} Qf1 {[%clk 00:00:34]} {[%emt 00:00:29]} 35. Be5 {[%clk
00:00:32]} {[%emt 00:01:23]} Rg2 {[%clk 00:00:38]} {[%emt 00:00:26]} 36. Bd4
{[%clk 00:00:59]} {[%emt 00:00:03]} Rh2 {[%clk 00:00:38]} {[%emt 00:00:29]} 37.
Rc4 {[%clk 00:00:32]} {[%emt 00:00:58]} Rxh3 {[%clk 00:00:42]} {[%emt
00:00:26]} 38. Rc1 {[%clk 00:00:31]} {[%emt 00:00:31]} Qg2 {[%clk 00:00:50]}
{[%emt 00:00:21]} 39. Rg1 {[%clk 00:00:42]} {[%emt 00:00:19]} Rf3+ {[%clk
00:01:09]} {[%emt 00:00:11]} 0-1

[Event "European Women's Chess Club Cup 2023"]
[Site "Durres, Albania"]
[Date "2023.10.07"]
[Round "7.13"]
[White "Van Foreest, Machteld"]
[Black "Song, Yuxin"]
[Result "1/2-1/2"]
[TimeControl "90' + 30' & 30\""]
[WhiteElo "2266"]
[BlackElo "2404"]

1. e4 {[%clk 01:30:55]} {[%emt 00:00:04]} c5 {[%clk 01:30:55]} {[%emt
00:00:06]} 2. Nf3 {[%clk 01:31:18]} {[%emt 00:00:08]} d6 {[%clk 01:31:19]}
{[%emt 00:00:05]} 3. d4 {[%clk 01:31:37]} {[%emt 00:00:11]} cxd4 {[%clk
01:31:43]} {[%emt 00:00:06]} 4. Nxd4 {[%clk 01:32:04]} {[%emt 00:00:03]} Nf6
{[%clk 01:32:04]} {[%emt 00:00:08]} 5. Nc3 {[%clk 01:32:31]} {[%emt 00:00:04]}
a6 {[%clk 01:32:27]} {[%emt 00:00:07]} 6. g3 {[%clk 01:32:51]} {[%emt
00:00:10]} e5 {[%clk 01:32:27]} {[%emt 00:00:30]} 7. Nb3 {[%clk 01:33:18]}
{[%emt 00:00:03]} Be7 {[%clk 01:29:35]} {[%emt 00:03:20]} 8. Bg2 {[%clk
01:33:11]} {[%emt 00:00:38]} O-O {[%clk 01:26:01]} {[%emt 00:04:04]} 9. O-O
{[%clk 01:32:57]} {[%emt 00:00:44]} Be6 {[%clk 01:23:15]} {[%emt 00:03:16]} 10.
a4 {[%clk 01:33:07]} {[%emt 00:00:22]} Qc7 {[%clk 01:19:47]} {[%emt 00:03:56]}
11. Re1 {[%clk 01:25:38]} {[%emt 00:07:59]} Rc8 {[%clk 01:18:18]} {[%emt
00:01:58]} 12. Nd2 {[%clk 01:22:35]} {[%emt 00:03:34]} Nc6 {[%clk 01:13:48]}
{[%emt 00:05:00]} 13. Nf1 {[%clk 01:20:51]} {[%emt 00:02:15]} Nd4 {[%clk
00:55:54]} {[%emt 00:18:24]} 14. Be3 {[%clk 00:53:41]} {[%emt 00:27:40]} Ng4
{[%clk 00:56:16]} {[%emt 00:00:07]} 15. h3 {[%clk 00:51:35]} {[%emt 00:02:36]}
Nxe3 {[%clk 00:56:30]} {[%emt 00:00:16]} 16. Nxe3 {[%clk 00:51:56]} {[%emt
00:00:09]} Bd8 {[%clk 00:49:27]} {[%emt 00:07:33]} 17. Kh2 {[%clk 00:18:02]}
{[%emt 00:34:25]} Bg5 {[%clk 00:34:04]} {[%emt 00:15:53]} 18. h4 {[%clk
00:10:39]} {[%emt 00:07:53]} Bxe3 {[%clk 00:34:26]} {[%emt 00:00:08]} 19. fxe3
{[%clk 00:10:52]} {[%emt 00:00:17]} Nc6 {[%clk 00:34:32]} {[%emt 00:00:22]} 20.
Bh3 {[%clk 00:11:05]} {[%emt 00:00:18]} Qd7 {[%clk 00:25:21]} {[%emt 00:09:41]}
21. Bxe6 {[%clk 00:11:30]} {[%emt 00:00:05]} fxe6 {[%clk 00:25:45]} {[%emt
00:00:06]} 22. Rf1 {[%clk 00:11:32]} {[%emt 00:00:27]} Rf8 {[%clk 00:24:35]}
{[%emt 00:01:40]} 23. Qg4 {[%clk 00:11:10]} {[%emt 00:00:53]} Rxf1 {[%clk
00:23:54]} {[%emt 00:01:12]} 24. Rxf1 {[%clk 00:11:37]} {[%emt 00:00:03]} Rf8
{[%clk 00:24:18]} {[%emt 00:00:05]} 25. Rxf8+ {[%clk 00:10:12]} {[%emt
00:01:54]} Kxf8 {[%clk 00:24:47]} {[%emt 00:00:02]} 26. Qh5 {[%clk 00:10:05]}
{[%emt 00:00:37]} Kg8 {[%clk 00:23:46]} {[%emt 00:01:31]} 27. Kg2 {[%clk
00:08:34]} {[%emt 00:02:02]} Nb4 {[%clk 00:22:49]} {[%emt 00:01:26]} 28. Qe2
{[%clk 00:08:44]} {[%emt 00:00:20]} Qc6 {[%clk 00:22:41]} {[%emt 00:00:37]} 29.
Qg4 {[%clk 00:07:57]} {[%emt 00:01:18]} Qc8 {[%clk 00:22:32]} {[%emt 00:00:39]}
30. Qd1 {[%clk 00:07:58]} {[%emt 00:00:29]} Qc6 {[%clk 00:22:56]} {[%emt
00:00:06]} 31. Qg4 {[%clk 00:08:23]} {[%emt 00:00:05]} Qc8 {[%clk 00:23:22]}
{[%emt 00:00:04]} 32. Qd1 {[%clk 00:08:48]} {[%emt 00:00:05]} 1/2-1/2

[Event "European Women's Chess Club Cup 2023"]
[Site "Durres, Albania"]
[Date "2023.10.07"]
[Round "7.14"]
[White "Buksa, Nataliya"]
[Black "Muetsch, Annmarie"]
[Result "1-0"]
[TimeControl "90' + 30' & 30\""]
[WhiteElo "2361"]
[BlackElo "2262"]

1. e4 {[%clk 01:30:59]} {[%emt 00:00:01]} d6 {[%clk 01:30:42]} {[%emt
00:00:18]} 2. d4 {[%clk 01:31:15]} {[%emt 00:00:14]} Nf6 {[%clk 01:31:05]}
{[%emt 00:00:06]} 3. Nc3 {[%clk 01:31:41]} {[%emt 00:00:04]} e5 {[%clk
01:31:28]} {[%emt 00:00:07]} 4. Nf3 {[%clk 01:31:49]} {[%emt 00:00:23]} Nbd7
{[%clk 01:31:51]} {[%emt 00:00:07]} 5. Bc4 {[%clk 01:32:15]} {[%emt 00:00:04]}
Be7 {[%clk 01:32:13]} {[%emt 00:00:08]} 6. O-O {[%clk 01:32:39]} {[%emt
00:00:06]} O-O {[%clk 01:32:36]} {[%emt 00:00:07]} 7. a4 {[%clk 01:31:58]}
{[%emt 00:01:11]} a6 {[%clk 01:32:36]} {[%emt 00:00:30]} 8. h3 {[%clk
01:31:56]} {[%emt 00:00:32]} b6 {[%clk 01:30:28]} {[%emt 00:02:37]} 9. Qe2
{[%clk 01:31:30]} {[%emt 00:00:57]} c6 {[%clk 01:30:06]} {[%emt 00:00:51]} 10.
Rd1 {[%clk 01:29:50]} {[%emt 00:02:11]} Qc7 {[%clk 01:30:16]} {[%emt 00:00:19]}
11. Ba2 {[%clk 01:29:49]} {[%emt 00:00:32]} Rb8 {[%clk 01:29:16]} {[%emt
00:01:30]} 12. Be3 {[%clk 01:25:55]} {[%emt 00:04:24]} b5 {[%clk 01:25:50]}
{[%emt 00:03:55]} 13. axb5 {[%clk 01:23:54]} {[%emt 00:02:32]} axb5 {[%clk
01:25:52]} {[%emt 00:00:28]} 14. b4 {[%clk 01:24:20]} {[%emt 00:00:04]} d5
{[%clk 01:17:11]} {[%emt 00:09:10]} 15. exd5 {[%clk 00:54:49]} {[%emt
00:30:02]} Bxb4 {[%clk 01:14:53]} {[%emt 00:02:47]} 16. Qd3 {[%clk 00:54:08]}
{[%emt 00:01:12]} e4 {[%clk 00:56:46]} {[%emt 00:18:37]} 17. Nxe4 {[%clk
00:53:41]} {[%emt 00:00:57]} cxd5 {[%clk 00:53:41]} {[%emt 00:03:34]} 18. Ng3
{[%clk 00:49:21]} {[%emt 00:04:50]} g6 {[%clk 00:50:33]} {[%emt 00:03:38]} 19.
Ne5 {[%clk 00:40:11]} {[%emt 00:09:40]} Bd6 {[%clk 00:44:54]} {[%emt 00:06:09]}
20. Nxd7 {[%clk 00:34:27]} {[%emt 00:06:14]} Bxd7 {[%clk 00:40:40]} {[%emt
00:04:44]} 21. Bg5 {[%clk 00:34:54]} {[%emt 00:00:04]} Be7 {[%clk 00:31:56]}
{[%emt 00:09:13]} 22. Re1 {[%clk 00:33:20]} {[%emt 00:02:04]} Bd8 {[%clk
00:30:34]} {[%emt 00:01:52]} 23. Qf3 {[%clk 00:28:34]} {[%emt 00:05:17]} Rb6
{[%clk 00:30:01]} {[%emt 00:01:02]} 24. Bb3 {[%clk 00:27:58]} {[%emt 00:01:07]}
Re6 {[%clk 00:27:27]} {[%emt 00:03:03]} 25. Re3 {[%clk 00:24:18]} {[%emt
00:04:10]} Qb6 {[%clk 00:25:08]} {[%emt 00:02:50]} 26. Ra8 {[%clk 00:23:24]}
{[%emt 00:01:24]} Bc6 {[%clk 00:22:04]} {[%emt 00:03:34]} 27. Rc8 {[%clk
00:22:59]} {[%emt 00:00:55]} Bd7 {[%clk 00:20:58]} {[%emt 00:01:36]} 28. Rxd8
{[%clk 00:20:15]} {[%emt 00:03:14]} Qxd8 {[%clk 00:21:05]} {[%emt 00:00:22]} 29.
Bxd5 {[%clk 00:20:41]} {[%emt 00:00:04]} Rd6 {[%clk 00:19:12]} {[%emt
00:02:23]} 30. Ne4 {[%clk 00:20:45]} {[%emt 00:00:27]} Bf5 {[%clk 00:15:53]}
{[%emt 00:03:49]} 31. Nxf6+ {[%clk 00:17:07]} {[%emt 00:04:07]} Rxf6 {[%clk
00:16:16]} {[%emt 00:00:07]} 32. g4 {[%clk 00:16:59]} {[%emt 00:00:39]} Be6
{[%clk 00:15:22]} {[%emt 00:01:23]} 33. Qxf6 {[%clk 00:10:09]} {[%emt
00:07:20]} Qxf6 {[%clk 00:15:38]} {[%emt 00:00:14]} 34. Bxf6 {[%clk 00:10:37]}
{[%emt 00:00:02]} Bxd5 {[%clk 00:16:02]} {[%emt 00:00:07]} 35. Re5 {[%clk
00:11:05]} {[%emt 00:00:02]} Bc4 {[%clk 00:12:59]} {[%emt 00:03:32]} 36. d5
{[%clk 00:10:44]} {[%emt 00:00:51]} 1-0

[Event "European Women's Chess Club Cup 2023"]
[Site "Durres, Albania"]
[Date "2023.10.07"]
[Round "7.15"]
[White "Jarocka, Liwia"]
[Black "Unuk, Laura"]
[Result "1/2-1/2"]
[TimeControl "90' + 30' & 30\""]
[WhiteElo "2208"]
[BlackElo "2313"]

1. e4 {[%clk 01:30:58]} {[%emt 00:00:02]} e5 {[%clk 01:30:51]} {[%emt
00:00:09]} 2. Nf3 {[%clk 01:31:15]} {[%emt 00:00:13]} Nc6 {[%clk 01:31:15]}
{[%emt 00:00:06]} 3. Bb5 {[%clk 01:31:12]} {[%emt 00:00:32]} a6 {[%clk
01:31:18]} {[%emt 00:00:28]} 4. Ba4 {[%clk 01:31:37]} {[%emt 00:00:05]} Bc5
{[%clk 01:31:10]} {[%emt 00:00:38]} 5. c3 {[%clk 01:30:15]} {[%emt 00:01:53]}
Nge7 {[%clk 01:28:39]} {[%emt 00:02:59]} 6. d4 {[%clk 01:29:13]} {[%emt
00:01:32]} exd4 {[%clk 01:28:26]} {[%emt 00:00:44]} 7. cxd4 {[%clk 01:29:39]}
{[%emt 00:00:04]} Bb4+ {[%clk 01:28:51]} {[%emt 00:00:04]} 8. Nc3 {[%clk
01:27:31]} {[%emt 00:02:39]} d5 {[%clk 01:28:01]} {[%emt 00:01:20]} 9. exd5
{[%clk 01:26:24]} {[%emt 00:01:37]} Nxd5 {[%clk 01:23:20]} {[%emt 00:05:10]} 10.
Bxc6+ {[%clk 01:25:39]} {[%emt 00:01:15]} bxc6 {[%clk 01:23:41]} {[%emt
00:00:09]} 11. O-O {[%clk 01:25:13]} {[%emt 00:00:57]} O-O {[%clk 01:19:49]}
{[%emt 00:04:21]} 12. Qd3 {[%clk 01:23:03]} {[%emt 00:02:39]} Be7 {[%clk
01:02:52]} {[%emt 00:17:28]} 13. Ne5 {[%clk 01:11:12]} {[%emt 00:12:21]} Bb7
{[%clk 00:51:42]} {[%emt 00:11:42]} 14. Ne4 {[%clk 01:02:00]} {[%emt 00:09:41]}
f6 {[%clk 00:47:37]} {[%emt 00:04:35]} 15. Nf3 {[%clk 00:51:21]} {[%emt
00:11:08]} a5 {[%clk 00:46:04]} {[%emt 00:02:04]} 16. Re1 {[%clk 00:44:26]}
{[%emt 00:07:23]} Ba6 {[%clk 00:44:52]} {[%emt 00:01:43]} 17. Qd1 {[%clk
00:44:48]} {[%emt 00:00:09]} Rb8 {[%clk 00:35:50]} {[%emt 00:09:32]} 18. a3
{[%clk 00:42:34]} {[%emt 00:02:44]} Re8 {[%clk 00:33:30]} {[%emt 00:02:50]} 19.
Qc2 {[%clk 00:39:06]} {[%emt 00:03:58]} Bb5 {[%clk 00:24:13]} {[%emt 00:09:47]}
20. Bd2 {[%clk 00:37:14]} {[%emt 00:02:21]} a4 {[%clk 00:24:10]} {[%emt
00:00:33]} 21. Rac1 {[%clk 00:33:59]} {[%emt 00:03:45]} Qd7 {[%clk 00:22:41]}
{[%emt 00:01:59]} 22. Nc3 {[%clk 00:31:58]} {[%emt 00:02:32]} Nxc3 {[%clk
00:19:52]} {[%emt 00:03:18]} 23. bxc3 {[%clk 00:30:55]} {[%emt 00:01:34]} Bc4
{[%clk 00:20:04]} {[%emt 00:00:18]} 24. Qxa4 {[%clk 00:29:48]} {[%emt
00:01:37]} Bb3 {[%clk 00:13:14]} {[%emt 00:07:19]} 25. Qa6 {[%clk 00:28:02]}
{[%emt 00:02:15]} Ra8 {[%clk 00:13:41]} {[%emt 00:00:05]} 26. Qd3 {[%clk
00:28:20]} {[%emt 00:00:11]} Bxa3 {[%clk 00:11:47]} {[%emt 00:02:24]} 27. Rxe8+
{[%clk 00:28:28]} {[%emt 00:00:23]} Qxe8 {[%clk 00:11:51]} {[%emt 00:00:26]} 28.
Re1 {[%clk 00:25:45]} {[%emt 00:03:12]} Qf7 {[%clk 00:10:12]} {[%emt 00:02:09]}
29. Ra1 {[%clk 00:26:11]} {[%emt 00:00:05]} Bc4 {[%clk 00:10:08]} {[%emt
00:00:34]} 30. Qe4 {[%clk 00:24:43]} {[%emt 00:01:57]} Bd5 {[%clk 00:05:24]}
{[%emt 00:05:15]} 31. Qd3 {[%clk 00:24:42]} {[%emt 00:00:30]} Bc4 {[%clk
00:05:52]} {[%emt 00:00:03]} 32. Qe4 {[%clk 00:16:03]} {[%emt 00:09:09]} Bd5
{[%clk 00:05:34]} {[%emt 00:00:47]} 1/2-1/2

[Event "European Women's Chess Club Cup 2023"]
[Site "Durres, Albania"]
[Date "2023.10.07"]
[Round "7.16"]
[White "Urh, Zala"]
[Black "Bashylina, Luisa"]
[Result "0-1"]
[TimeControl "90' + 30' & 30\""]
[WhiteElo "2216"]
[BlackElo "2192"]

1. d4 {[%clk 01:30:47]} {[%emt 00:00:12]} Nf6 {[%clk 01:30:45]} {[%emt
00:00:16]} 2. c4 {[%clk 01:31:06]} {[%emt 00:00:10]} g6 {[%clk 01:31:12]}
{[%emt 00:00:04]} 3. g3 {[%clk 01:30:55]} {[%emt 00:00:41]} Bg7 {[%clk
01:31:25]} {[%emt 00:00:16]} 4. Bg2 {[%clk 01:31:01]} {[%emt 00:00:24]} d5
{[%clk 01:31:50]} {[%emt 00:00:05]} 5. cxd5 {[%clk 01:29:59]} {[%emt 00:01:32]}
Nxd5 {[%clk 01:32:10]} {[%emt 00:00:10]} 6. e4 {[%clk 01:30:05]} {[%emt
00:00:24]} Nb4 {[%clk 01:32:36]} {[%emt 00:00:04]} 7. a3 {[%clk 01:15:33]}
{[%emt 00:15:03]} N4c6 {[%clk 01:32:03]} {[%emt 00:01:03]} 8. d5 {[%clk
01:15:54]} {[%emt 00:00:09]} Nd4 {[%clk 01:32:28]} {[%emt 00:00:04]} 9. Nc3
{[%clk 01:11:41]} {[%emt 00:04:43]} O-O {[%clk 01:32:43]} {[%emt 00:00:16]} 10.
Be3 {[%clk 01:07:51]} {[%emt 00:04:19]} c5 {[%clk 01:33:01]} {[%emt 00:00:12]}
11. Nge2 {[%clk 01:05:22]} {[%emt 00:02:59]} e5 {[%clk 01:33:17]} {[%emt
00:00:14]} 12. O-O {[%clk 00:55:56]} {[%emt 00:09:55]} b6 {[%clk 01:32:02]}
{[%emt 00:01:46]} 13. Rb1 {[%clk 00:50:54]} {[%emt 00:05:32]} Ba6 {[%clk
01:28:00]} {[%emt 00:04:31]} 14. b4 {[%clk 00:48:52]} {[%emt 00:02:32]} Nd7
{[%clk 01:24:38]} {[%emt 00:03:53]} 15. f4 {[%clk 00:40:16]} {[%emt 00:09:06]}
Qe7 {[%clk 01:16:45]} {[%emt 00:08:23]} 16. Qd2 {[%clk 00:34:05]} {[%emt
00:06:41]} Bc4 {[%clk 01:02:49]} {[%emt 00:14:26]} 17. Rfd1 {[%clk 00:29:59]}
{[%emt 00:04:36]} Rfe8 {[%clk 00:59:18]} {[%emt 00:04:01]} 18. fxe5 {[%clk
00:25:25]} {[%emt 00:05:04]} Nxe2+ {[%clk 00:57:47]} {[%emt 00:02:01]} 19. Nxe2
{[%clk 00:25:50]} {[%emt 00:00:05]} Nxe5 {[%clk 00:57:40]} {[%emt 00:00:37]} 20.
bxc5 {[%clk 00:24:11]} {[%emt 00:02:09]} bxc5 {[%clk 00:58:00]} {[%emt
00:00:10]} 21. d6 {[%clk 00:22:27]} {[%emt 00:02:14]} Qd7 {[%clk 00:53:18]}
{[%emt 00:05:12]} 22. Bxc5 {[%clk 00:21:27]} {[%emt 00:01:30]} Nd3 {[%clk
00:46:20]} {[%emt 00:07:29]} 23. Qc2 {[%clk 00:17:42]} {[%emt 00:04:15]} Nxc5
{[%clk 00:43:32]} {[%emt 00:03:17]} 24. Qxc4 {[%clk 00:18:06]} {[%emt
00:00:06]} Re5 {[%clk 00:35:14]} {[%emt 00:08:49]} 25. Nf4 {[%clk 00:15:49]}
{[%emt 00:02:46]} Rd8 {[%clk 00:30:39]} {[%emt 00:05:05]} 26. Rbc1 {[%clk
00:07:08]} {[%emt 00:09:11]} Qb7 {[%clk 00:19:59]} {[%emt 00:11:09]} 27. Nd5
{[%clk 00:05:17]} {[%emt 00:02:22]} Ne6 {[%clk 00:18:56]} {[%emt 00:01:34]} 28.
Ne7+ {[%clk 00:03:54]} {[%emt 00:01:52]} Kf8 {[%clk 00:17:23]} {[%emt
00:02:03]} 29. Qc6 {[%clk 00:02:20]} {[%emt 00:02:04]} Qb3 {[%clk 00:15:36]}
{[%emt 00:02:17]} 30. Nd5 {[%clk 00:02:07]} {[%emt 00:00:43]} Qxa3 {[%clk
00:10:36]} {[%emt 00:05:30]} 31. d7 {[%clk 00:02:27]} {[%emt 00:00:10]} Rh5
{[%clk 00:08:35]} {[%emt 00:02:31]} 32. Nc7 {[%clk 00:00:51]} {[%emt 00:02:06]}
Bd4+ {[%clk 00:06:35]} {[%emt 00:02:29]} 33. Rxd4 {[%clk 00:00:32]} {[%emt
00:00:50]} Nxd4 {[%clk 00:06:34]} {[%emt 00:00:31]} 34. Qc4 {[%clk 00:00:31]}
{[%emt 00:00:32]} Qxc1+ {[%clk 00:06:41]} {[%emt 00:00:23]} 35. Qxc1 {[%clk
00:00:52]} {[%emt 00:00:08]} Ne2+ {[%clk 00:07:07]} {[%emt 00:00:04]} 36. Kf2
{[%clk 00:01:09]} {[%emt 00:00:13]} Nxc1 {[%clk 00:07:34]} {[%emt 00:00:04]} 37.
Nd5 {[%clk 00:01:26]} {[%emt 00:00:13]} Rxd7 {[%clk 00:07:42]} {[%emt
00:00:21]} 38. Nf6 {[%clk 00:01:51]} {[%emt 00:00:04]} Rd2+ {[%clk 00:08:08]}
{[%emt 00:00:05]} 0-1